Eastern Utah Libraries Catalog: Duchesne, Heber, Roosevelt, & Vernal

Julie & Julia (Record no. 65337)

MARC details
000 -LEADER
fixed length control field 04300cgm a2200841Ia 4500
001 - CONTROL NUMBER
control field ocn436307440
003 - CONTROL NUMBER IDENTIFIER
control field OCoLC
005 - DATE AND TIME OF LATEST TRANSACTION
control field 20241220124146.0
008 - FIXED-LENGTH DATA ELEMENTS--GENERAL INFORMATION
fixed length control field 090911s2009 cau123 vleng d
007 - PHYSICAL DESCRIPTION FIXED FIELD--GENERAL INFORMATION
fixed length control field vd cvaizq
040 ## - CATALOGING SOURCE
Original cataloging agency TEFMT
Transcribing agency TEFMT
Modifying agency BTCTA
-- TEF
-- UPZ
-- GK8
-- JO6
-- MR0
-- TEF
-- UINTA
020 ## - INTERNATIONAL STANDARD BOOK NUMBER
International Standard Book Number 1435951174
020 ## - INTERNATIONAL STANDARD BOOK NUMBER
International Standard Book Number 9781435951174
024 1# - OTHER STANDARD IDENTIFIER
Standard number or code 043396292291
024 1# - OTHER STANDARD IDENTIFIER
Standard number or code 043396337138
028 42 - PUBLISHER NUMBER
Publisher number 29229
Source Sony Pictures Home Entertainment
028 42 - PUBLISHER NUMBER
Publisher number 33713
Source Sony Pictures Home Entertainment
035 ## - SYSTEM CONTROL NUMBER
System control number (OCoLC)436307440
041 1# - LANGUAGE CODE
Language code of text/sound track or separate title eng
-- fre
-- eng
-- fre
Language code of original and/or intermediate translations of text eng
043 ## - GEOGRAPHIC AREA CODE
Geographic area code n-us---
-- e-fr---
050 14 - LIBRARY OF CONGRESS CALL NUMBER
Classification number PN1997.2
Item number .J85 2009
082 04 - DEWEY DECIMAL CLASSIFICATION NUMBER
Classification number 791.43/72
Edition number 22
049 ## - LOCAL HOLDINGS (OCLC)
Holding library UCLB
092 ## - LOCALLY ASSIGNED DEWEY CALL NUMBER (OCLC)
Classification number 791.437
245 00 - TITLE STATEMENT
Title Julie & Julia
Medium [videorecording] /
Statement of responsibility, etc Columbia Pictures presents an Easy There Tiger/Amy Robinson production, a Laurence Mark production, a film by Nora Ephron ; produced by Laurence Mark, Nora Ephron, Amy Robinson, Eric Steel ; screenplay by Nora Ephron ; directed by Nora Ephron.
246 3# - VARYING FORM OF TITLE
Title proper/short title Julie and Julia
260 ## - PUBLICATION, DISTRIBUTION, ETC. (IMPRINT)
Place of publication, distribution, etc Culver City, Calif. :
Name of publisher, distributor, etc Sony Pictures Home Entertainment,
Date of publication, distribution, etc c2009.
300 ## - PHYSICAL DESCRIPTION
Extent 1 videodisc (123 min.) :
Other physical details sd., col. ;
Dimensions 4 3/4 in.
538 ## - SYSTEM DETAILS NOTE
System details note DVD ; anamorphic widescreen (1.85) presentation ; Dolby digital 5.1 surround.
546 ## - LANGUAGE NOTE
Language note Closed-captioned.
546 ## - LANGUAGE NOTE
Language note In English or dubbed French, with optional subtitles in English or French.
511 1# - PARTICIPANT OR PERFORMER NOTE
Participant or performer note Meryl Streep, Amy Adams, Stanley Tucci, Chris Messina, Linda Emond, Mary Lynn Rajskub, Jane Lynch, Frances Sternhagen.
508 ## - CREATION/PRODUCTION CREDITS NOTE
Creation/production credits note Director of photography, Stephen Goldblatt ; editor, Richard Marks ; music, Alexandre Desplat.
500 ## - GENERAL NOTE
General note Based on the book "Julie & Julia" by Julie Powell and "My life in France" by Julia Child with Alex Prud'Homme.
500 ## - GENERAL NOTE
General note DVD release of the 2009 motion picture.
500 ## - GENERAL NOTE
General note Special features: commentary with writer/director Nora Ephron ; Secret ingredients: creating Julie & Julia.
521 8# - TARGET AUDIENCE NOTE
Target audience note MPAA rating: PG-13; for brief strong language and some sensuality.
521 8# - TARGET AUDIENCE NOTE
Target audience note CHV rating: PG; coarse language, language may offend.
520 ## - SUMMARY, ETC.
Summary, etc Julie Powell is a frustrated insurance worker who wants to be a writer. Trying to find a challenge in her life, she decides to cook her way through Julia Child's 'Mastering the Art of French Cooking' in one year, and to blog about it. As Julie begins to find her groove as a cook, and her voice as a writer, the project takes on a life of its own. The project provides the struggling young woman with her life's purpose, to her very pleasant surprise. Julia Child has an amazing love affair with her dashing husband, Paul, all while embracing life and French food. Julie lovingly celebrates the life on one of American food's most influential and beloved figureheads.
600 10 - SUBJECT ADDED ENTRY--PERSONAL NAME
Personal name Powell, Julie
Form subdivision Drama.
9 (RLIN) 6200119
600 10 - SUBJECT ADDED ENTRY--PERSONAL NAME
Personal name Child, Julia
Form subdivision Drama.
9 (RLIN) 6200120
650 #0 - SUBJECT ADDED ENTRY--TOPICAL TERM
Topical term or geographic name as entry element Blogs
Form subdivision Drama.
9 (RLIN) 6511106
650 #0 - SUBJECT ADDED ENTRY--TOPICAL TERM
Topical term or geographic name as entry element Cookery, French
Form subdivision Anecdotes
-- Drama.
9 (RLIN) 6511107
650 #0 - SUBJECT ADDED ENTRY--TOPICAL TERM
Topical term or geographic name as entry element Cookery
General subdivision Study and teaching
Geographic subdivision France
-- Paris
Form subdivision Drama.
9 (RLIN) 6511108
650 #0 - SUBJECT ADDED ENTRY--TOPICAL TERM
Topical term or geographic name as entry element Women cooks
Form subdivision Biography.
9 (RLIN) 6510572
655 #0 - INDEX TERM--GENRE/FORM
Genre/form data or focus term Romantic comedy films.
9 (RLIN) 6200125
655 #0 - INDEX TERM--GENRE/FORM
Genre/form data or focus term Biographical films.
9 (RLIN) 102649
655 #0 - INDEX TERM--GENRE/FORM
Genre/form data or focus term Video recordings for the hearing impaired.
9 (RLIN) 6200126
655 #0 - INDEX TERM--GENRE/FORM
Genre/form data or focus term Feature films.
9 (RLIN) 6200127
655 #0 - INDEX TERM--GENRE/FORM
Genre/form data or focus term Film adaptations.
9 (RLIN) 6200128
700 1# - ADDED ENTRY--PERSONAL NAME
Personal name Desplat, Alexandre.
9 (RLIN) 76818
700 1# - ADDED ENTRY--PERSONAL NAME
Personal name Mark, Laurence.
9 (RLIN) 75863
700 1# - ADDED ENTRY--PERSONAL NAME
Personal name Ephron, Nora.
9 (RLIN) 1813
700 1# - ADDED ENTRY--PERSONAL NAME
Personal name Robinson, Amy.
9 (RLIN) 62311
700 1# - ADDED ENTRY--PERSONAL NAME
Personal name Steel, Eric.
9 (RLIN) 6200129
700 1# - ADDED ENTRY--PERSONAL NAME
Personal name Streep, Meryl.
9 (RLIN) 14132
700 1# - ADDED ENTRY--PERSONAL NAME
Personal name Adams, Amy.
9 (RLIN) 69264
700 1# - ADDED ENTRY--PERSONAL NAME
Personal name Tucci, Stanley.
9 (RLIN) 61854
700 1# - ADDED ENTRY--PERSONAL NAME
Personal name Messina, Chris.
9 (RLIN) 5859119
700 1# - ADDED ENTRY--PERSONAL NAME
Personal name Emond, Linda.
9 (RLIN) 67431
700 1# - ADDED ENTRY--PERSONAL NAME
Personal name Rajskub, Mary Lynn,
Dates associated with a name 1971-
9 (RLIN) 73750
700 1# - ADDED ENTRY--PERSONAL NAME
Personal name Lynch, Jane,
Dates associated with a name 1960-
9 (RLIN) 5732056
700 1# - ADDED ENTRY--PERSONAL NAME
Personal name Sternhagen, Frances,
Dates associated with a name 1930-
9 (RLIN) 59708
700 1# - ADDED ENTRY--PERSONAL NAME
Personal name Powell, Julie.
Title of a work Julie & Julia.
9 (RLIN) 6200130
700 1# - ADDED ENTRY--PERSONAL NAME
Personal name Child, Julia.
Title of a work My life in France.
9 (RLIN) 6200131
710 2# - ADDED ENTRY--CORPORATE NAME
Corporate name or jurisdiction name as entry element Columbia Pictures Corporation.
9 (RLIN) 15602
710 2# - ADDED ENTRY--CORPORATE NAME
Corporate name or jurisdiction name as entry element Easy There Tiger, Inc.
9 (RLIN) 6200132
710 2# - ADDED ENTRY--CORPORATE NAME
Corporate name or jurisdiction name as entry element Sony Pictures Home Entertainment (Firm)
9 (RLIN) 71947
938 ## -
-- Baker and Taylor
-- BTCP
-- BEDDCO 29229
942 ## - ADDED ENTRY ELEMENTS (KOHA)
Koha item type DVD
994 ## -
-- C0
-- UINTA
998 ## - LOCAL CONTROL INFORMATION (RLIN)
-- a129457
Holdings
Withdrawn status Lost status Source of classification or shelving scheme Damaged status Not for loan Collection code Home library Current library Shelving location Date acquired Source of acquisition Cost, normal purchase price Total Checkouts Total Renewals Full call number Barcode Date last seen Date checked out Cost, replacement price Price effective from Koha item type
    Dewey Decimal Classification     Movies Wasatch County Library Wasatch County Library Audio Visual Area 08/11/2012   15.95 78 9 DVD Jul 34301001114984 03/17/2025 02/28/2025 15.95 03/20/2020 DVD
This project was made possible through a grant from the Institute of Museum and Library Service administered by the Utah State Library Division.

Wasatch County Library

  • 465 East 1200 South, Heber City, Utah 84032
  • Phone 435-654-1511 | Fax 435-654-6456

Hours

  • Monday - Friday 9:30 AM - 8:00 PM
  • Saturday 9:30 AM - 1:30 PM
  • Closed Sundays and Holidays